Endüstriyel tesislerde elektrik kuvvet ve kontrol sistemi / (Record no. 200467098)

MARC details
000 -LEADER
fixed length control field 00910cam a2200301 i 4500
001 - CONTROL NUMBER
control field 200467098
003 - CONTROL NUMBER IDENTIFIER
control field TR-AnTOB
005 - DATE AND TIME OF LATEST TRANSACTION
control field 20260116153421.0
007 - PHYSICAL DESCRIPTION FIXED FIELD--GENERAL INFORMATION
fixed length control field ta
008 - FIXED-LENGTH DATA ELEMENTS--GENERAL INFORMATION
fixed length control field 140527b tu 000 0 tur dur u
040 ## - CATALOGING SOURCE
Original cataloging agency TR-AnTOB
Language of cataloging eng
Description conventions rda
Transcribing agency TR-AnTOB
041 0# - LANGUAGE CODE
Language code of text/sound track or separate title Türkçe
044 ## - COUNTRY OF PUBLISHING/PRODUCING ENTITY CODE
ISO country code tu
050 14 - LIBRARY OF CONGRESS CALL NUMBER
Classification number TK146
Item number .Y83
090 ## - LOCALLY ASSIGNED LC-TYPE CALL NUMBER (OCLC); LOCAL CALL NUMBER (RLIN)
Classification number (OCLC) (R) ; Classification number, CALL (RLIN) (NR) TK146
Local cutter number (OCLC) ; Book number/undivided call number, CALL (RLIN) .Y83
100 ## - MAIN ENTRY--PERSONAL NAME
Personal name Yücel, M. Ergün
Relator term author
9 (RLIN) 9790
245 10 - TITLE STATEMENT
Title Endüstriyel tesislerde elektrik kuvvet ve kontrol sistemi /
Statement of responsibility, etc. M. Ergün Yücel.
264 #3 - PRODUCTION, PUBLICATION, DISTRIBUTION, MANUFACTURE, AND COPYRIGHT NOTICE
Place of production, publication, distribution, manufacture Ankara :
Name of producer, publisher, distributor, manufacturer Altıncıoğlu Matbaası,
Date of production, publication, distribution, manufacture, or copyright notice [date of publication not identified].
300 ## - PHYSICAL DESCRIPTION
Extent 593 pages:
Other physical details graphics, tables;
Dimensions 24 cm.
336 ## - CONTENT TYPE
Content type term metin
Content type code txt
Source rdacontent
337 ## - MEDIA TYPE
Media type term aracısız
Media type code n
Source rdamedia
338 ## - CARRIER TYPE
Carrier type term cilt
Carrier type code nc
Source rdacarrier
504 ## - BIBLIOGRAPHY, ETC. NOTE
Bibliography, etc. note Includes bibliographical references.
650 #7 - SUBJECT ADDED ENTRY--TOPICAL TERM
Topical term or geographic name entry element Elektrik
Source of heading or term etuturkob
9 (RLIN) 9680
Topical term or geographic name entry element Elektrik mühendisliği
9 (RLIN) 9682
942 ## - ADDED ENTRY ELEMENTS (KOHA)
Source of classification or shelving scheme Library of Congress Classification
Koha item type Book
Holdings
Withdrawn status Lost status Source of classification or shelving scheme Damaged status Not for loan Collection code Home library Current library Shelving location Date acquired Source of acquisition Inventory number Total Checkouts Full call number Barcode Date last seen Copy number Date shelved Koha item type Public note
    Library of Congress Classification Kullanılmış / Used Ödünç Verilebilir / Available Genel Koleksiyon Merkez Kütüphane Merkez Kütüphane Genel Koleksiyon / Main Collection 27/11/2025 Bağış / Donation ELE   TK146 .Y83 0074397 16/01/2026 1 16/01/2026 Book Donated by Erol Gürel
Devinim Yazılım Eğitim Danışmanlık tarafından Koha'nın orjinal sürümü uyarlanarak geliştirilip kurulmuştur.